Представление документа в формате RUSMARC

ПолеНазваниеЗначение
  Тип записи a
  Библиографический уровень a
001 Контрольный номер RU/CBS_Ul/BASE/453316251
005 Дата корректировки 20240209175139.4
100 Данные общей обработки __
a Данные общей обработки 20140513d2014 ||| 0rusy0189 ca
101 Язык документа 0_
a Язык текста rus
102 Страна публикации __
a Страна публикации RU
105 Кодированные данные (монография) __
a Кодированные данные (монография) y###||||000|y
200 Заглавие и сведения об ответственности 1_
a Заглавие На молитву, шапки долой!
b Общее обозначение материала Текст
e Сведения, относящиеся к заглавию [Духовенство в русской армии]
f Первые сведения об ответственности М. Быков
225 Серия 0_
a Серия История
300 Общие примечания __
a Общие примечания Ограничения по возрасту -12 +
461 Уровень набора _0
1 2000
a Основы православной культуры
463 Уровень физической единицы _0
1 001RU/CBS_Ul/BASE/453310151
1 2000
a №1
v С.36-46.
1 210
d 2014
610 Ключевые слова 0_
a Ключевые слова Российская армия, мусульмане, лютеране, католики, иудеи.
686 Индексы других классификаций __
a Классификационный индекс 86.37 + 68
2 Код системы ББК
700 Автор _1
a Фамилия Быков
b Имя (инициалы) М.
g Полное личное имя Михаил
801 Источник записи _0
a Страна RU
b Организация МБУК ЦБС г. Ульяновска
c Дата составления 20140513
g Правила каталогизации RCR
801 Источник записи _1
a Страна RU
b Организация МБУК ЦБС г. Ульяновска
c Дата составления 20140513
g Правила каталогизации RCR
901 Тип документа __
t Тип документа b
w Контрольный № источника RU/CBS_Ul/BASE/453310151
910 Корректоры записи __
a Корректор записи Богатырева
938 Служебная информация __
a Имя БД period